Shinto : (Record no. 607170)

MARC details
000 -LEADER
fixed length control field 00467nam a2200193 a 4500
008 - FIXED-LENGTH DATA ELEMENTS--GENERAL INFORMATION
fixed length control field 260104s1997##################000#0#eng##
020 ## - INTERNATIONAL STANDARD BOOK NUMBER
ISBN 9780816035779
082 04 - DEWEY DECIMAL CLASSIFICATION NUMBER
Classification number 299.561
Item number HAR
100 1# - MAIN ENTRY--AUTHOR NAME
Personal name Hartz, Paula,
245 10 - TITLE STATEMENT
Title Shinto :
260 ## - PUBLICATION, DISTRIBUTION, ETC. (IMPRINT)
Year of publication 1997.
300 ## - PHYSICAL DESCRIPTION
Number of Pages 128 pages
650 #0 - SUBJECT ADDED ENTRY--TOPICAL TERM
Topical Term Juvenile Nonfiction.
942 ## - ADDED ENTRY ELEMENTS (KOHA)
Koha item type English Books

No items available.

Find us on the map